|
|
|
|
| LEADER |
00000nam0a2200000 4500 |
| 001 |
31590 |
| 005 |
20231030204525.0 |
| 010 |
|
|
|a 5821201187
|
| 035 |
|
|
|a (RuTPU)RU\TPU\book\31869
|
| 035 |
|
|
|a BOOK00000034
|
| 090 |
|
|
|a 31590
|
| 100 |
|
|
|a 20011209d2001 m y0rusy50 ca
|
| 101 |
0 |
|
|a rus
|
| 102 |
|
|
|a RU
|
| 105 |
|
|
|a a z 001zy
|
| 200 |
1 |
|
|a Механизм создания российских региональных финансово-промышленных групп
|f Б. Ф. Зайцев, Н. Г. Агурбаш, Н. Н. Ковалева, О. А. Малютина
|
| 210 |
|
|
|a Москва
|c Экзамен
|d 2001
|
| 215 |
|
|
|a 159 с.
|c ил.
|
| 225 |
1 |
|
|a Российская академия предпринимательства
|
| 320 |
|
|
|a Библиогр.: с. 150-157.
|
| 333 |
|
|
|a Исключено из фонда НТБ ТПУ
|
| 686 |
|
|
|a У9(2)261.9
|v LBC/SL-A
|2 rubbk
|
| 686 |
|
|
|a У9(2)30-43
|v LBC/SL-A
|2 rubbk
|
| 701 |
|
1 |
|a Зайцев
|b Б. Ф.
|g Борис Федорович
|
| 701 |
|
1 |
|a Агурбаш
|b Н. Г.
|g Николай Георгиевич
|
| 701 |
|
1 |
|a Ковалева
|b Н. Н.
|g Наталья Николаевна
|
| 701 |
|
1 |
|a Малютина
|b О. А.
|g Ольга Александровна
|
| 801 |
|
0 |
|a RU
|b 63413507
|c 20011209
|g PSBO
|
| 801 |
|
2 |
|a RU
|b 63413507
|c 20210720
|g PSBO
|
| 942 |
|
|
|c BK
|